Ley procesal de familia ; Ley contra la violencia intrafamiliar (Registro nro. 9044)

Detalles MARC
000 -CABECERA
Longitud fija campo de control 00895cam a2200253 a 4500
001 - NÚMERO DE CONTROL
Número de control 13512420
003 - IDENTIFICADOR DELl NÚMERO DE CONTROL
Identificador del número de control OSt
005 - FECHA Y HORA DE LA ÚLTIMA TRANSACCIÓN
Fecha y hora de la última transacción 20140502155544.0
008 - CÓDIGOS DE INFORMACIÓN DE LONGITUD FIJA
Códigos de información de longitud fija 040305s2007 slv spa
040 ## - FUENTE DE LA CATALOGACIÓN
Centro catalogador de origen DLC
Centro transcriptor BMC
Centro modificado DLC
082 ## - NÚMERO DE LA CLASIFICACIÓN DECIMAL DEWEY
Númeroo de clasificación 346.0157284026
082 ## - NÚMERO DE LA CLASIFICACIÓN DECIMAL DEWEY
Númeroo de clasificación 362.82927284
110 1# - PUNTO DE ACCESO PRINCIPAL-NOMBRE DE ENTIDAD CORPORATIVA
9 (RLIN) 17005
Nombre de entidad corporativa o nombre de jurisdicción como elemento inicial El Salvador
Título de la obra Ley procesal de familia, 1994
245 10 - MENCIÓN DE TÍTULO
Título Ley procesal de familia ; Ley contra la violencia intrafamiliar
Resto del título : (con sus reformas)
Mención de responsabilidad, etc. editor, Ricardo Mendoza Orantes
250 ## - MENCIÓN DE EDICIÓN
Mención de edición 9ª ed
260 ## - PUBLICACIÓN, DISTRIBUCIÓN, ETC. (PIE DE IMPRENTA)
Lugar de publicación, distribución, etc. San Salvador
Nombre del editor, distribuidor, etc. Editorial Jurídica Salvadoreña
Fecha de publicación, distribución, etc. 2007
300 ## - DESCRIPCIÓN FÍSICA
Extensión 78 p.
Dimensiones 22 cm
500 ## - NOTA GENERAL
Nota general Datos tomados de la cub.
500 ## - NOTA GENERAL
Nota general En la port.: República de El Salvador<br/>
650 24 - PUNTO DE ACCESO ADICIONAL DE MATERIA - T&Eacute;RMINO DE MATERIA
Término de materia o nombre geográfico como elemento inicial Derecho de familia
Subdivisión geográfica El Salvador
9 (RLIN) 17007
Subdivisión de forma Legislación
650 24 - PUNTO DE ACCESO ADICIONAL DE MATERIA - T&Eacute;RMINO DE MATERIA
Término de materia o nombre geográfico como elemento inicial Violencia en la familia
Subdivisión geográfica El Salvador
9 (RLIN) 17008
700 1# - PUNTO DE ACCESO ADICIONAL - NOMBRE DE PERSONA
9 (RLIN) 2370
Nombre de persona Mendoza Orantes, Ricardo Alberto‏
942 ## - ENTRADA DE ELEMENTOS AGREGADOS (KOHA)
Fuente de clasificai&oacute;n o esquema Dewey Decimal Classification
Koha [por defecto] tipo de item 1- Monografias
Existencias
Suprimido Perdido Fuente de clasificaci&oacute;n o esquema Estropeado Restricciones de uso No para pr&eacute;stamo C&oacute;digo de colecci&oacute;n Localizaci&oacute;n permanente Localizaci&oacute;n actual Localizaci&oacute;n en estanter&&iacute;acute;as Fecha adquisici&oacute;n Fuente de adquisici&oacute;n N&uacute;mero de inventario Pr&eacute;stamos totales Signatura completa C&oacute;digo de barras Fecha &uacute;ltima consulta Coste, precio reemplazado Fecha del precio de reemplazo Tipo de item de Koha Fecha &uacute;ltimo pr&eacute;stamo
NULL NULL Dewey Decimal Classification NULL Prestable NULL NULL Biblioteca Miguel de Cervantes - UNICAES Biblioteca Miguel de Cervantes - UNICAES Sala Principal 24/03/2008 Donación - Facultad de Ciencias y Humanidades 014825   346.015 ELS ley 1014825 10/04/2014 6.00 10/04/2014 1- Monografias  
NULL NULL Dewey Decimal Classification NULL Prestable NULL NULL Biblioteca Miguel de Cervantes - UNICAES Biblioteca Miguel de Cervantes - UNICAES Sala Principal 24/03/2008 Donación - Facultad de Ciencias y Humanidades 014826 2 346.015 ELS ley 1014826 01/11/2018 6.00 10/04/2014 1- Monografias 30/10/2018
NULL NULL Dewey Decimal Classification NULL Prestable NULL NULL Biblioteca Miguel de Cervantes - UNICAES Biblioteca Miguel de Cervantes - UNICAES Sala Principal 24/03/2008 Donación - Facultad de Ciencias y Humanidades 014827 1 346.015 ELS ley 1014827 21/08/2024 6.00 10/04/2014 1- Monografias 21/08/2024
NULL NULL Dewey Decimal Classification NULL Prestable NULL NULL Biblioteca Miguel de Cervantes - UNICAES Biblioteca Miguel de Cervantes - UNICAES Sala Principal 24/03/2008 Donación - Facultad de Ciencias y Humanidades 014828 3 346.015 ELS ley 1014828 14/12/2023 6.00 10/04/2014 1- Monografias 23/11/2023